000 00280nam a2200121Ia 4500
008 190216s9999||||xx |||||||||||||| ||und||
100 _aAnthon Chegav
245 0 _aHindi-Badi Number 6
260 _bNaveen Sahithya Mandir
_c2009
300 _a216
650 _aHindi
942 _cBK
999 _c16661
_d16661